Statistiques concernant Les pays contenant entre 10 % et 20 % de chiites

Cliquez ici pour prendre le quiz!

Statistiques générales

  • Ce quiz a été pris 10 fois
  • Le résultat moyen est 3 sur 5

Statistiques - réponses

Hint Answer % Correct
13,85 %Syrie
100%
19,48 %Turquie
67%
19,18 %Pakistan
56%
17,91 %Afghanistan
44%
11,40 %Émirats Arabes Unis
33%

Distribution des résultats

Percentile by Number Answered

% des personnes avec chaque résultat

Votre développement - résultats

Vous n’avez pas pris ce quiz